1684 1700 1020 1165 1138 1898 1824 1040 1999 1386 1539 1018 1769 1419 1403 1865 1056 1487 1914 1404 1995 1480 1856 1833 1574 1157 1792 1119 1303 1114 1137 1794 1544 1271 1934 1509 1977 1747 1508 1685 1798 1195 1017 1149 1854 1027 1242 1184 1102 1243 1129 1965 1740 1937 1291 1330 1464 1678 1839 1802 1090 1683 1651 1119 1321 1790 1113 1556 1466 1101 1114 1846 1956 1059 1350 1487 1691 1775 1035 1094 1256 1807 1638 1223 1855 1861 1756 1546 1230 1506 1467 1021 1161 1498 1690 1553 1476 1315 1722 BCNSPRNW ULIB Ver.6.0+V

เปลี่ยนเป็นภาษาไทย

Change to English
 แสดงรายละเอียดบรรณานุกรม
  กลับหน้าหลัก

Brief Record : Get Marc (ISO 2709) : E-mail record : QR code < ปิดหน้าต่าง
LEADER : 00000nam 2200000uu 4500
001    13399124431
003     ULIB
008    150713s2556||||th 000 0 tha d
020    ^a9789744226945
060 04 ^aQZ200^bผ931
245 00 ^aแผนการป้องกันและควบคุมโรคมะเร็งแห่งชาติ (พ.ศ.2556-2560) /^cคณะกรรมการจัดทำแผนป้องกันและควบคุมโรคมะเร็งแห่งชาติ กรมการแพทย์ กระทรวงสาธารณสุข
260    ^aกรุงเทพฯ :^bสถาบันมะเร็งแห่งชาติ,^c2556
300    ^a134 หน้า :^bภาพประกอบ
650  2 ^aNeoplasms^xprevention & control
650  4 ^aเนื้องอก^xการป้องกันและควบคุม
650  4 ^aมะเร็ง^xการป้องกันและควบคุม^zไทย
710 2  ^aคณะกรรมการจัดทำแผนป้องกันและควบคุมโรคมะเร็งแห่งชาติ
710 2  ^aสถาบันมะเร็งแห่งชาติ
945    ^p0^l0^i039537
999    ^aเกษร โพธิ์สุวรรณ
รายการนี้ยังไม่มีแท็ก
คุณยังไม่ได้ล็อกอิน คุณสามารถมีกิจกรรมร่วมกับเว็บไซต์ได้ แต่ต้องล็อกอินก่อน ::
  ล็อกอิน

รายการสื่อสารสนเทศ

ลำดับที่ ประเภท เลขเรียก/บาร์โค้ด สถานที่ สถานะ
1. วิทยาศาสตร์การแพทย์ และสุขภาพ
หนังสือสำรอง
สถานะ=หนังสือสำรอง
QZ200 ผ931 ฉ.1 
  Barcode: 039537
ห้องสมุดวิทยาเขตสวรรค์ประชารักษ์
►ส่วนจัดเก็บหนังสือเก่า สปร
บนชั้น
  ขอยืม

BibComment


ยังไม่เคยถูกคอมเมนท์

คอมเมนท์ทรัพยากรรายการนี้
  คอมเมนท์: แผนการป้องกันและ..


 Copyright 2026. Bcnsprnw @Library